Welcome to CU Library Online Public Access Catalogue (OPAC)

Readings in Social Psychology: (Record no. 3885)

MARC details
000 -LEADER
fixed length control field 00595nam a22001937a 4500
005 - DATE AND TIME OF LATEST TRANSACTION
control field 20250214190525.0
008 - FIXED-LENGTH DATA ELEMENTS--GENERAL INFORMATION
fixed length control field 250214b |||||||| |||| 00| 0 eng d
020 ## - INTERNATIONAL STANDARD BOOK NUMBER
International Standard Book Number 9780618875665
050 ## - LIBRARY OF CONGRESS CALL NUMBER
Classification number BF121
Item number .K34 KAS
100 ## - MAIN ENTRY--PERSONAL NAME
Personal name Kassin Saul
245 ## - TITLE STATEMENT
Title Readings in Social Psychology:
Remainder of title The Art and Science of Research/
Statement of responsibility, etc. Saul Kssin, Steven Fein & Hazel Rose Markus
250 ## - EDITION STATEMENT
Edition statement 4th Ed.
260 ## - PUBLICATION, DISTRIBUTION, ETC.
Place of publication, distribution, etc. Boston
Name of publisher, distributor, etc. Houghton Mifflin Company
Date of publication, distribution, etc. 2008
300 ## - PHYSICAL DESCRIPTION
Extent ix. 282p.
Other physical details ill.
Dimensions 28 cm
650 ## - SUBJECT ADDED ENTRY--TOPICAL TERM
Source of heading or term Psychology
700 ## - ADDED ENTRY--PERSONAL NAME
Personal name Fein Steven
700 ## - ADDED ENTRY--PERSONAL NAME
Personal name Markus Hazel Rose
942 ## - ADDED ENTRY ELEMENTS (KOHA)
Source of classification or shelving scheme Library of Congress Classification
Koha item type Books
Edition 4th Ed.
Suppress in OPAC No
999 ## -
-- 3885
-- 3885
Holdings
Withdrawn status Lost status Source of classification or shelving scheme Damaged status Not for loan Collection Home library Current library Shelving location Date acquired Total checkouts Full call number Barcode Date last seen Copy number Price effective from Koha item type
    Library of Congress Classification     Non-fiction Business Library (Miotso) Business Library (Miotso) General stacks 02/14/2025   BF121 .K34 KAS BSSM00000823 02/14/2025 1 02/14/2025 Books
© 2023-2024 Copyright: Central University Libraries. All Rights Reserved | Created by: Mahone Tech Office